Normal view MARC view

Entry Nombre personal

Number of records used in: 2

001 - NÚMERO DE CONTROL

  • campo de control: 1108

003 - IDENTIFICADOR DE NÚMERO DE CONTROL

  • campo de control: DLC

005 - FECHA Y HORA DE LA ÚLTIMA TRANSACCIÓN

  • campo de control: 20260423162106.0

008 - ELEMENTOS DE DATO DE LONGITUD-FIJA

  • campo de control de longitud fija: 800404n| acannaabn |n aaa

010 ## - NÚMERO DE CONTROL DE LA BIBLIOTECA DEL CONGRESO

  • Número de control de LC: n 80023522

035 ## - NÚMERO DE CONTROL DEL SISTEMA

  • Número de control de sistema: (OCoLC)oca00405843

040 ## - FUENTE DE CATALOGACIÓN

  • Centro catalogador/agencia de origen: DLC
  • Lengua de catalogación: eng
  • Centro/agencia transcriptor: DLC
  • Centro/agencia modificador: DLC
  • Centro/agencia modificador: OCoLC
  • Centro/agencia modificador: DLC

053 #0 - NÚMERO DE CLASIFICACIÓN LC

  • Número de clasificación–único número o número inicial del rango: PS3553.A27

100 1# - ENCABEZAMIENTO-NOMBRE DE PERSONA

  • Nombre de persona: Cable, Mary

670 ## - FUENTE DE DATOS ENCONTRADOS

  • Cita de la fuente: Her Dream castles, 1966.

670 ## - FUENTE DE DATOS ENCONTRADOS

  • Cita de la fuente: Biog. resource center (Contemp. authors), Nov. 15, 2007
  • Información encontrada: (Mary Cable; b. Jan. 24, 1920, Cleveland, Ohio; American Heritage Publishing Co., Inc., member of editorial staff, 1963-65)